| 000 | 00400 a2200133 4500 | ||
|---|---|---|---|
| 001 | 91958 | ||
| 082 | _aPR 1730 | ||
| 090 |
_c43905 _d43904 |
||
| 100 | _aUmer Ahmed Farooqui; Sohail Ahmed, Dr., Advisor | ||
| 245 |
_aDesign and Implementation of a Frequency Hopping System for a Software defined Radio _n65 "B" EC |
||
| 260 |
_aRawalpindi _bNUST _c2009 |
||
| 300 | _a82p | ||
| 500 | _aBE Project Report | ||
| 942 |
_aCAE NUST _kPR 1730 |
||
| 999 |
_c327031 _d327031 |
||